00557cam a22002291 4500001001300000003000400013005001700017008004100034010001700075035002000092040001900112042001200131050001800143060002500161100002800186245002600214260001100240300001400251500001400265504003100279999001700310sa 67002214 DLC20260227112329.0810725s1965 xx b 000 0 hin  asa 67002214  a(OCoLC)14609326 aDLCcDNLMdDLC apremarc00aRS180.I3bV530 aQV 740bJI4 G9b 19651 aGupta, Atrideva,d1902-10aBhaishajya samhitā. c[1965] a8, 256 p. aIn Hindi. aBibliographical footnotes. c73126d73126